00779nam a22002417a 450000500170000001000130001702000100003003500130004003700160005304000120006908200160008110000240009724500580012125000160017926000350019527000370023030000200026765000190028765000220030694200250032899900190035395201650037220170124110055.0 aA-707089 c65.00 aA-707089 bCen Lib/Ret aDPLbEN a657.42bDAS aDasgupta, P.926199 aAdvanced studies in cost accounting /cby P. Dasgupta a8th rev. ed aNew Delhi bPremier Bookc1994 bNew Delhi e110002a23 Daryaganj a262p.c21cm(Hb) aCommerce94193 aAccounting910075 2ddccENh657.42mDAS c129380d129380 04104070aLbLd2015-07-06eCen Lib/Retg65.00l0o657.42 DASpA-707089r2015-07-06 00:00:00t1v65.00w2015-07-06yENzW/d List No. 6868/14 ; dtd 11/08/2020